Biology, epidemiology and management of Pyrodinium Red Tides

The report researched, discuss the biological, economic, management, medical and training issues of Pyrodinium red tides.

שמור ב:
מידע ביבליוגרפי
פורמט: ספר
שפה:Undetermined
יצא לאור: Bandar Seri Begawan, Brunei Darussalam Fisheries Dept., Ministry of Development 1989
נושאים:
תגים: הוספת תג
אין תגיות, היה/י הראשונ/ה לתייג את הרשומה!
Thư viện lưu trữ: Trung tâm Học liệu Trường Đại học Cần Thơ
LEADER 00763nam a2200181Ia 4500
001 CTU_143380
008 210402s9999 xx 000 0 und d
082 |a 579 
082 |b M266 
245 0 |a Biology, epidemiology and management of Pyrodinium Red Tides 
260 |a Bandar Seri Begawan, Brunei Darussalam 
260 |b Fisheries Dept., Ministry of Development 
260 |c 1989 
520 |a The report researched, discuss the biological, economic, management, medical and training issues of Pyrodinium red tides. 
650 |a Red tide,Algae,Paralytic shellfish poisoning 
650 |x Tảo,Hội thảo về độc chất,Congresses,Toxicology,Congresses,Congresses 
904 |i Năm 
980 |a Trung tâm Học liệu Trường Đại học Cần Thơ